[Event "Reykjavik op"]
[Site "Reykjavik"]
[Date "2025.04.14"]
[Round "8"]
[White "Darvekar, Yash"]
[Black "Dauth, Benjamin"]
[Result "0-1"]
[WhiteElo "2024"]
[BlackElo "2228"]
[PlyCount "144"]
[EventDate "2025.04.09"]
[EventType "swiss"]
[EventRounds "9"]
[EventCountry "ISL"]
[SourceTitle "CB17_2025"]
[SourceDate "2025.04.23"]
[SourceVersion "1"]
[SourceVersionDate "2025.04.23"]
[SourceQuality "1"]

1. e4 e5 2. Nf3 Nc6 3. Bb5 a6 4. Bxc6 dxc6 5. 0-0 Bg4 6. h3 h5 7. d3 Qf6 8. Nbd2 Be6 9. d4 exd4 10. e5 Qg6 11. Nh4 Qh7 12. Ndf3 Be7 13. Ng5 Bxg5 14. Bxg5 Nh6 15. Qxd4 0-0 16. c3 Nf5 17. Nxf5 Qxf5 18. h4 f6 19. exf6 gxf6 20. Bh6 Rf7 21. Rfe1 Kh7 22. Bf4 Rg8 23. Qe3 Bd5 24. Bg3 Rg4 25. b3 b5 26. Qe8 Rg8 27. Qe2 Rg4 28. Qe8 Rg8 29. Qe2 c5 30. c4 Bb7 31. Rad1 b4 32. Qd3 Qxd3 33. Rxd3 f5 34. Red1 Bc6 35. Rd8 Rg4 36. Be5 Rxg2+ 37. Kf1 Rg4 38. Rh8+ Kg6 39. Rdd8 Bg2+ 40. Kg1 Bf3+ 41. Kf1 f4 42. Rdg8+ Kf5 43. Rxh5+ Ke4 44. Rxg4 Bxg4 45. Rg5 Bf5 46. Rg7 Rf8 47. Bxc7 Rh8 48. Re7+ Kf3 49. Ke1 Rxh4 50. Re5 Be4 51. Rxc5 Rh1+ 52. Kd2 Rh2 53. Ra5 Rxf2+ 54. Kd1 Bb7 55. Bd6 Ke4 56. Ke1 Rh2 57. Re5+ Kd3 58. Re7 Bc8 59. Bxf4 Rxa2 60. Bd6 a5 61. Ra7 Re2+ 62. Kf1 Bh3+ 63. Kg1 Rg2+ 64. Kh1 Rg5 65. Bc7 Rg7 66. Kh2 Bf1 67. c5 Be2 68. c6 Bf3 69. Bb6 Rxa7 70. Bxa7 a4 71. Bb8 axb3 72. Be5 Bxc6 0-1

[Event "Reykjavik op"]
[Site "Reykjavik"]
[Date "2025.04.12"]
[Round "5"]
[White "Alquist, Erik"]
[Black "Dauth, Benjamin"]
[Result "1-0"]
[WhiteElo "2024"]
[BlackElo "2228"]
[PlyCount "57"]
[EventDate "2025.04.09"]
[EventType "swiss"]
[EventRounds "9"]
[EventCountry "ISL"]
[SourceTitle "CB17_2025"]
[SourceDate "2025.04.23"]
[SourceVersion "1"]
[SourceVersionDate "2025.04.23"]
[SourceQuality "1"]

1. e4 e5 2. Nf3 Nc6 3. Bc4 Nf6 4. d4 exd4 5. e5 d5 6. Bb5 Ne4 7. Nxd4 Bc5 8. Be3 0-0 9. Nxc6 bxc6 10. Bxc5 Nxc5 11. Bxc6 Ba6 12. Nc3 d4 13. Bxa8 Qxa8 14. Qxd4 Rd8 15. Qg4 Qb7 16. b3 h5 17. Qf3 Qb4 18. a3 Qd4 19. Rd1 Qxe5+ 20. Qe3 Rxd1+ 21. Kxd1 Qd6+ 22. Kc1 Ne6 23. Kb2 c5 24. g3 Bb7 25. Rd1 Qb8 26. f4 a5 27. Qe5 Qa8 28. f5 Ng5 29. Qe7 1-0

[Event "Reykjavik op"]
[Site "Reykjavik"]
[Date "2025.04.11"]
[Round "4"]
[White "Dauth, Benjamin"]
[Black "Kadric, Denis"]
[Result "0-1"]
[WhiteElo "2228"]
[BlackElo "2533"]
[PlyCount "104"]
[EventDate "2025.04.09"]
[EventType "swiss"]
[EventRounds "9"]
[EventCountry "ISL"]
[SourceTitle "CB17_2025"]
[SourceDate "2025.04.23"]
[SourceVersion "1"]
[SourceVersionDate "2025.04.23"]
[SourceQuality "1"]

1. e4 e6 2. d4 d5 3. exd5 exd5 4. Nf3 Nc6 5. c3 Bd6 6. Bd3 Nge7 7. Nbd2 Bg4 8. h3 Bh5 9. Qb3 Rb8 10. 0-0 Qd7 11. Re1 Bg6 12. Bxg6 hxg6 13. Ne5 Bxe5 14. dxe5 g5 15. Nf3 g4 16. e6 fxe6 17. hxg4 Qd6 18. Bg5 0-0 19. Rad1 Rbe8 20. c4 dxc4 21. Qxc4 Nd5 22. a3 Nd8 23. Bxd8 Qxd8 24. Rxe6 Rxe6 25. Rxd5 Rc6 26. Rc5+ Kh8 27. Rxc6 bxc6 28. Ne5 Qd1+ 29. Kh2 Rxf2 30. Nf7+ Kg8 31. Nh6+ Kf8 32. Qg8+ Ke7 33. Nf5+ Rxf5 34. gxf5 Qd6+ 35. Kh1 Kf6 36. Qe8 Kxf5 37. Qf7+ Qf6 38. Qxc7 Qh4+ 39. Kg1 Qe1+ 40. Kh2 Qe5+ 41. Qxe5+ Kxe5 42. Kg3 Kd4 43. Kf4 Kc4 44. Ke5 Kb3 45. Kd6 Kxb2 46. Kxc6 Kxa3 47. Kb5 Kb3 48. Ka6 Kc4 49. Kxa7 Kd4 50. Kb6 g5 51. Kc6 g4 52. Kd6 g3 0-1

[Event "Reykjavik op"]
[Site "Reykjavik"]
[Date "2025.04.10"]
[Round "3"]
[White "Dauth, Benjamin"]
[Black "Levin, Anthony"]
[Result "1-0"]
[WhiteElo "2228"]
[BlackElo "2016"]
[PlyCount "147"]
[EventDate "2025.04.09"]
[EventType "swiss"]
[EventRounds "9"]
[EventCountry "ISL"]
[SourceTitle "CB17_2025"]
[SourceDate "2025.04.23"]
[SourceVersion "1"]
[SourceVersionDate "2025.04.23"]
[SourceQuality "1"]

1. e4 e5 2. Bc4 Nf6 3. d3 c6 4. Nd2 d5 5. Bb3 a5 6. a3 Nbd7 7. Ngf3 Bd6 8. 0-0 0-0 9. Re1 Re8 10. Ba2 Nf8 11. h3 Ng6 12. Nf1 h6 13. Ng3 Be6 14. Be3 Qc7 15. Qc1 Bf8 16. c4 d4 17. Bd2 a4 18. b4 axb3 19. Bxb3 Nd7 20. a4 b5 21. Qc2 Nc5 22. Reb1 Reb8 23. axb5 Rxa1 24. Rxa1 cxb5 25. Ba2 b4 26. Bb3 Ne7 27. Ne1 Nc6 28. Qb2 g6 29. Ba4 Nxa4 30. Rxa4 b3 31. Nf3 Bd7 32. Ra1 Kh7 33. Be1 Nb4 34. Qxb3 Na6 35. Qc2 Nc5 36. Bd2 Rb3 37. Ne1 Qb7 38. Bc1 Qb4 39. Kf1 Ba4 40. Ne2 Bc6 41. Bd2 Qb7 42. Nc1 Rb2 43. Qd1 Ne6 44. Ra2 Rb1 45. Qc2 Bd6 46. Ra7 Qxa7 47. Qxb1 f5 48. f3 Nc5 49. Qa2 Qxa2 50. Nxa2 Na6 51. Ke2 Ba4 52. Nc1 h5 53. Ba5 Kg7 54. f4 Bc6 55. fxe5 Bxe5 56. exf5 gxf5 57. Nb3 Ba4 58. Nf3 Kf6 59. Nbxd4 Bf4 60. Bd8+ Kf7 61. Nxf5 Nc5 62. N5d4 Bd7 63. Bg5 Bg3 64. Be3 Na4 65. Kd2 Bc7 66. Ne2 Bc6 67. Bd4 Ke6 68. Ke3 Kf5 69. Kf2 Be8 70. Nc3 Nb6 71. Bxb6 Bxb6+ 72. d4 Bc6 73. Ke3 Ba5 74. d5 1-0

[Event "BL2-Nord 2324"]
[Site "Germany"]
[Date "2024.02.04"]
[Round "6.4"]
[White "Schmidek, Emil"]
[Black "Dauth, Benjamin"]
[Result "1/2-1/2"]
[WhiteElo "2433"]
[BlackElo "2211"]
[PlyCount "158"]
[EventDate "2023.10.21"]
[EventType "team-tourn"]
[EventRounds "10"]
[EventCountry "GER"]
[SourceTitle "EXT 2025"]
[Source "ChessBase"]
[SourceDate "2024.10.14"]
[SourceVersion "1"]
[SourceVersionDate "2024.10.14"]
[SourceQuality "1"]
[WhiteTeam "Berlin SF"]
[BlackTeam "Pankow Rotation"]
[WhiteTeamCountry "GER"]
[BlackTeamCountry "GER"]

1. d4 Nf6 2. c4 e6 3. Nc3 Bb4 4. Bd2 0-0 5. Nf3 d5 6. e3 c5 7. a3 cxd4 8. axb4 dxc3 9. Bxc3 dxc4 10. Bxc4 Ne4 11. 0-0 Nxc3 12. bxc3 Qc7 13. Qb3 Nc6 14. Rfc1 Bd7 15. Be2 e5 16. Bc4 Rae8 17. Ng5 Re7 18. Qb1 g6 19. Bd5 a6 20. c4 Bf5 21. e4 Bc8 22. Nf3 Bg4 23. b5 Nb8 24. Nd2 Rc8 25. bxa6 Nxa6 26. Qxb7 Qxb7 27. Bxb7 Rxb7 28. Rxa6 Rb2 29. Rd6 Kf8 30. f3 Be6 31. Rd3 Ke7 32. c5 Rd8 33. Rxd8 Kxd8 34. Nc4 Bxc4 35. Rxc4 Kc7 36. h4 Kc6 37. Kh2 Rb5 38. Ra4 Kb7 39. Rc4 Kc6 40. Ra4 Kb7 41. g4 h6 42. c6+ Kxc6 43. Ra8 Kd7 44. Rh8 g5 45. Rxh6 gxh4 46. Kh3 Ke7 47. g5 Rb1 48. Rxh4 Rh1+ 49. Kg4 Rg1+ 50. Kf5 Rg3 51. f4 exf4 52. Rxf4 Rg1 53. Rf3 Ra1 54. Rf2 Re1 55. Ke5 Rg1 56. Kf5 Re1 57. Ra2 Rf1+ 58. Ke5 Rg1 59. Ra7+ Kf8 60. Kf4 Rf1+ 61. Ke3 Rg1 62. Ra5 Ke7 63. Re5+ Kd6 64. Ra5 Ke7 65. Kd4 Rd1+ 66. Kc4 Ke6 67. Rf5 Rc1+ 68. Kd3 Rd1+ 69. Ke2 Rg1 70. Kf2 Rg4 71. Kf3 Rg1 72. Rf6+ Ke5 73. Rf5+ Ke6 74. Rb5 Rf1+ 75. Ke2 Rg1 76. Kf2 Rg4 77. Kf3 Rg1 78. Rb6+ Ke5 79. Rb5+ Ke6 1/2-1/2

[Event "BL2-Nord 2324"]
[Site "Germany"]
[Date "2024.02.03"]
[Round "5.3"]
[White "Kanarek, Marcel"]
[Black "Dauth, Benjamin"]
[Result "1-0"]
[WhiteElo "2503"]
[BlackElo "2211"]
[PlyCount "181"]
[EventDate "2023.10.21"]
[EventType "team-tourn"]
[EventRounds "10"]
[EventCountry "GER"]
[SourceTitle "EXT 2025"]
[Source "ChessBase"]
[SourceDate "2024.10.14"]
[SourceVersion "1"]
[SourceVersionDate "2024.10.14"]
[SourceQuality "1"]
[WhiteTeam "Ruedersdorf Glueckauf"]
[BlackTeam "Pankow Rotation"]
[WhiteTeamCountry "GER"]
[BlackTeamCountry "GER"]

1. e4 e5 2. Nf3 Nc6 3. Bb5 Nd4 4. Nxd4 exd4 5. 0-0 c6 6. Bc4 a5 7. a4 Nf6 8. Qe2 d6 9. c3 Be6 10. Bxe6 fxe6 11. cxd4 d5 12. e5 Ng8 13. Qg4 Kd7 14. d3 Qb6 15. Bg5 h6 16. Be3 Ne7 17. Nc3 h5 18. Qd1 Nf5 19. Ne2 Be7 20. Nf4 Rh6 21. Nxh5 Nxe3 22. fxe3 Rah8 23. Nf4 Rxh2 24. Nh3 R8xh3 25. gxh3 Qxb2 26. Qf3 Kc8 27. Rab1 Qc2 28. Qg3 Re2 29. Rbe1 Rxe1 30. Rxe1 Qxd3 31. Rf1 g5 32. Rf7 Kd8 33. Qf3 Qg6 34. Qf2 g4 35. hxg4 Qxg4+ 36. Kf1 Qd1+ 37. Kg2 Qg4+ 38. Qg3 Qxg3+ 39. Kxg3 b5 40. axb5 cxb5 41. Kf3 a4 42. Ke2 b4 43. Kd3 Kd7 44. Kc2 Kd8 45. Rg7 Kd7 46. Rh7 Ke8 47. Rh8+ Bf8 48. Kb2 Kf7 49. Rh7+ Bg7 50. Rh1 Bf8 51. Ra1 a3+ 52. Kb3 Be7 53. Rc1 Ke8 54. Rc6 Kd7 55. Ra6 Bf8 56. Ra7+ Ke8 57. Ra8+ Kf7 58. Rb8 Be7 59. Rh8 Kg7 60. Rh1 Kg6 61. Rf1 Kg7 62. Rf2 Kg6 63. Rf3 Kg7 64. Rg3+ Kf7 65. Rg1 Ke8 66. Rg6 Kd7 67. Rg8 Kc7 68. Ra8 Kd7 69. Rg8 Kc7 70. Ra8 Kd7 71. Ra6 Bf8 72. Ra7+ Ke8 73. Ra8+ Kf7 74. Rb8 Be7 75. Rh8 Kg7 76. Rh1 Kg6 77. Rc1 Kf5 78. Rf1+ Ke4 79. Rf6 Kxe3 80. Rxe6 Bh4 81. Rh6 Bg5 82. Rg6 Be7 83. Rg7 Bf8 84. Rf7 Bh6 85. e6 Bg5 86. e7 Bxe7 87. Rxe7+ Kxd4 88. Kxb4 a2 89. Ra7 Kd3 90. Rxa2 d4 91. Ra3+ 1-0

[Event "GER-ch Amateurs"]
[Site "Bad Wildungen"]
[Date "2024.??.??"]
[Round "2"]
[White "Fuhrmann, Bahne"]
[Black "Dauth, Benjamin"]
[Result "1/2-1/2"]
[WhiteElo "2140"]
[BlackElo "2217"]
[PlyCount "65"]
[EventDate "2024.08.03"]
[EventType "swiss"]
[EventRounds "5"]
[EventCountry "GER"]
[SourceTitle "CBM 221 Extra"]
[Source "ChessBase"]
[SourceDate "2024.09.30"]
[SourceVersion "1"]
[SourceVersionDate "2024.09.30"]
[SourceQuality "1"]

1. d4 Nf6 2. c4 c6 3. Nf3 d5 4. Nc3 e6 5. g3 Bd6 6. Bg2 0-0 7. 0-0 Nbd7 8. Nd2 a6 9. e4 dxe4 10. Ndxe4 Be7 11. Qc2 Nxe4 12. Nxe4 f5 13. Nc3 e5 14. dxe5 Nxe5 15. Rd1 Qe8 16. Re1 Ng6 17. Bg5 Qf7 18. Bxe7 Nxe7 19. Qe2 Ng6 20. f4 Bd7 21. Na4 Rae8 22. Qd3 Rxe1+ 23. Rxe1 Re8 24. Rd1 Nf8 25. Nb6 Be6 26. b3 Qf6 27. Bf3 Qb2 28. Rd2 Qa1+ 29. Kg2 Qf6 30. c5 h6 31. Qd6 g5 32. Bh5 Re7 33. Be2 1/2-1/2

[Event "BL2-Nord 2324"]
[Site "Germany"]
[Date "2023.10.21"]
[Round "1.4"]
[White "Woelk, Tom Frederic"]
[Black "Dauth, Benjamin"]
[Result "1-0"]
[WhiteElo "2361"]
[BlackElo "2211"]
[PlyCount "45"]
[EventDate "2023.10.21"]
[EventType "team-tourn"]
[EventRounds "10"]
[EventCountry "GER"]
[SourceTitle "EXT 2025"]
[Source "ChessBase"]
[SourceDate "2024.10.14"]
[SourceVersion "1"]
[SourceVersionDate "2024.10.14"]
[SourceQuality "1"]
[WhiteTeam "Hamburger SK II"]
[BlackTeam "Pankow Rotation"]
[WhiteTeamCountry "GER"]
[BlackTeamCountry "GER"]

1. e4 e5 2. Nf3 Nc6 3. Bb5 Nd4 4. Nxd4 exd4 5. 0-0 g6 6. d3 Bg7 7. f4 Ne7 8. f5 c6 9. f6 Bxf6 10. Rxf6 cxb5 11. Qf3 d5 12. Rxf7 Nf5 13. exf5 Kxf7 14. fxg6+ Kxg6 15. Qg3+ Kf7 16. Bg5 Qd7 17. Nd2 Re8 18. h3 Re6 19. Rf1+ Ke8 20. Bh6 Qd6 21. Qg8+ Kd7 22. Rf7+ Re7 23. Bf8 1-0

[Event "Oberliga Nord O 2223"]
[Site "Germany"]
[Date "2023.03.19"]
[Round "7.4"]
[White "Dauth, Benjamin"]
[Black "Bartolomaeus, Christian"]
[Result "1/2-1/2"]
[WhiteElo "2228"]
[BlackElo "2201"]
[PlyCount "28"]
[EventDate "2022.10.23"]
[EventType "team-tourn"]
[EventRounds "9"]
[EventCountry "GER"]
[SourceTitle "EXT 2025"]
[Source "ChessBase"]
[SourceDate "2024.10.14"]
[SourceVersion "1"]
[SourceVersionDate "2024.10.14"]
[SourceQuality "1"]
[WhiteTeam "Pankow Rotation"]
[BlackTeam "Greifswald"]
[WhiteTeamCountry "GER"]
[BlackTeamCountry "GER"]

1. e4 d6 2. Nc3 g6 3. g3 Bg7 4. Bg2 c5 5. Nge2 Nc6 6. 0-0 e6 7. d3 Nge7 8. Be3 Nd4 9. Qd2 0-0 10. Nd1 Nxe2+ 11. Qxe2 Qc7 12. c3 Bd7 13. d4 Rac8 14. Qd2 cxd4 1/2-1/2

[Event "Oberliga Nord O 2223"]
[Site "Germany"]
[Date "2022.12.11"]
[Round "3.4"]
[White "Grabowski, Jan"]
[Black "Dauth, Benjamin"]
[Result "0-1"]
[WhiteElo "1915"]
[BlackElo "2228"]
[PlyCount "114"]
[EventDate "2022.10.23"]
[EventType "team-tourn"]
[EventRounds "9"]
[EventCountry "GER"]
[SourceTitle "EXT 2025"]
[Source "ChessBase"]
[SourceDate "2024.10.14"]
[SourceVersion "1"]
[SourceVersionDate "2024.10.14"]
[SourceQuality "1"]
[WhiteTeam "Frankfurt/O"]
[BlackTeam "Pankow Rotation"]
[WhiteTeamCountry "GER"]
[BlackTeamCountry "GER"]

1. d4 c5 2. e3 cxd4 3. exd4 d5 4. Bd3 Nc6 5. Ne2 Bg4 6. f3 Bd7 7. c3 g6 8. Qb3 Bc8 9. Bf4 Bg7 10. Na3 a6 11. h4 b5 12. h5 Na5 13. Qc2 Nc4 14. hxg6 hxg6 15. Rxh8 Bxh8 16. 0-0-0 Be6 17. Rh1 Bf6 18. g4 Qa5 19. Qb3 g5 20. Bd2 Rc8 21. Nc2 Qb6 22. a3 Na5 23. Qa2 Nc6 24. Kd1 Na5 25. Rh5 Qd6 26. Ne3 Nc4 27. Nxc4 bxc4 28. Bh7 Kd7 29. Qb1 Rb8 30. Qc2 Kc6 31. Be1 Bd7 32. Bg3 e5 33. Qa4+ Kc7 34. Qa5+ Kc8 35. Bxg8 Rb5 36. dxe5 Bxe5 37. Bxe5 Qxe5 38. Qxa6+ Kd8 39. Rh6 Ke7 40. Bh7 Rxb2 41. Bc2 Rxc2 42. Kxc2 Qxe2+ 43. Kc1 Qe3+ 44. Kc2 Qd3+ 45. Kb2 Qd2+ 46. Kb1 Qd1+ 47. Ka2 Qc2+ 48. Ka1 Qxc3+ 49. Ka2 Qb3+ 50. Ka1 Be6 51. Qa7+ Kd6 52. Qa6+ Ke5 53. Qa7 c3 54. Qc7+ Kd4 55. Qa7+ Kd3 56. Qa6+ Ke3 57. Rh2 Qd1+ 0-1